Adult development and aging /

Bibliographic Details
Main Author: Hayslip, Bert, Jr
Other Authors: Panek, Paul E.
Format: Book
Language:English
Published: New York : Harper & Row, [1989]
Subjects:

MARC

Tag First Indicator Second Indicator Subfields
LEADER 00000cam a2200000 a 4500
001 in00000900921
005 20191221063248.0
008 880422s1989 nyua b 00110 eng
010 |a  88015465  
020 |a 0060450126 
035 |a (OCoLC)17951579 
035 |9 AEM6566AM 
040 |a DLC  |c DLC  |d TXA  |d UtOrBLW 
049 |a TXAM  |c [A13093962] 
050 0 0 |a BF724.5  |b .H39 1989 
082 0 |a 155.6  |2 19 
100 1 |a Hayslip, Bert,  |c Jr. 
245 1 0 |a Adult development and aging /  |c Bert Hayslip, Jr., Paul E. Panek. 
264 1 |a New York :  |b Harper & Row,  |c [1989] 
264 4 |c ©1989 
300 |a xix, 618 pages :  |b illustrations ;  |c 25 cm. 
336 |a text  |b txt  |2 rdacontent 
337 |a unmediated  |b n  |2 rdamedia 
338 |a volume  |b nc  |2 rdacarrier 
504 |a Bibliography: pages 549-597. 
500 |a Includes indexes. 
650 0 |a Adulthood. 
650 0 |a Aging  |x Psychological aspects. 
650 0 |a Aging. 
700 1 |a Panek, Paul E. 
999 |a MARS 
999 f f |s 5d21704f-7793-3b64-b165-ae7b8d2842f8  |i e597ef55-7673-359b-afb4-4492ce61fde5  |t 0 
952 f f |p ric  |a Texas A&M University  |b Rellis Campus  |c Joint Library Facility  |d Remote Storage  |t 0  |e BF724.5 .H39 1989  |h Library of Congress classification  |i unmediated -- volume  |m A14813093962 
998 f f |a BF724.5 .H39 1989  |t 0  |l Remote Storage